War in world history (Record no. 62702)

000 -LEADER
fixed length control field 00498nam a22001937a 4500
003 - CONTROL NUMBER IDENTIFIER
control field NUST - PNEC
005 - DATE AND TIME OF LATEST TRANSACTION
control field 20170116180755.0
008 - FIXED-LENGTH DATA ELEMENTS--GENERAL INFORMATION
fixed length control field 150401b xxu||||| |||| 00| 0 eng d
022 ## - INTERNATIONAL STANDARD SERIAL NUMBER
Source 9780070525856
040 ## - CATALOGING SOURCE
Transcribing agency LIBRARY
082 ## - DEWEY DECIMAL CLASSIFICATION NUMBER
Classification number 355.02 MOR
100 ## - MAIN ENTRY--PERSONAL NAME
9 (RLIN) 2003
Personal name Morillo, Stephen
245 ## - TITLE STATEMENT
Title War in world history
Statement of responsibility, etc. Morillo, Stephen
250 ## - EDITION STATEMENT
Edition statement -
260 ## - PUBLICATION, DISTRIBUTION, ETC.
Place of publication, distribution, etc. Mc Graw Hill
Name of publisher, distributor, etc. New York
Date of publication, distribution, etc. C 2009
300 ## - PHYSICAL DESCRIPTION
Extent 607 . :
650 ## - SUBJECT ADDED ENTRY--TOPICAL TERM
9 (RLIN) 2004
Topical term or geographic name entry element War In World History
General subdivision Gernal
942 ## - ADDED ENTRY ELEMENTS (KOHA)
Source of classification or shelving scheme
Koha item type Book
Holdings
Withdrawn status Lost status Source of classification or shelving scheme Damaged status Not for loan Permanent Location Current Location Shelving location Date acquired Source of acquisition Cost, normal purchase price Total Checkouts Full call number Barcode Date last seen Cost, replacement price Price effective from Koha item type
          Pakistan Navy Engineering College (PNEC) Pakistan Navy Engineering College (PNEC)     Progressive International Agency 0.00   355.02 MOR PNECLIB-031920 04/01/2015 0.00   Book
© 2023 Central Library, National University of Sciences and Technology. All Rights Reserved.